Đang tải...
Vaisikathanthram /
| Tác giả khác: | |
|---|---|
| Định dạng: | Printed Book |
| Ngôn ngữ: | English |
| Được phát hành: |
Kottayam:
D.C.Books,
c2016.
|
| Những chủ đề: |
| LEADER | 00523 a2200157 4500 | ||
|---|---|---|---|
| 008 | 150103s9999 000 0 eng | ||
| 020 | |a 9788126474301 | ||
| 082 | |a 811.12 | ||
| 245 | |a Vaisikathanthram / | ||
| 260 | |a Kottayam: |b D.C.Books, |c c2016. | ||
| 300 | |a 159 p. | ||
| 650 | |a Malayalam poems | ||
| 700 | |a Sundaram Dhanuvachapuram | ||
| 942 | |c BK | ||
| 999 | |c 308522 |d 308522 | ||
| 952 | |0 0 |1 0 |2 ddc |4 0 |6 811_120000000000000_SUN_VA |7 0 |9 354073 |a DRA |b DRA |c ST1 |d 2017-07-17 |i 9853 |l 0 |o 811.12 SUN/VA |p DRA9853 |r 2019-01-03 |v 140.00 |w 2019-01-03 |y BK | ||